|
|
|
|
| LEADER |
01118nam a2200337 a 4500 |
| 001 |
7784 |
| 003 |
BD-DhAAL |
| 005 |
20151104120416.0 |
| 008 |
151104s1995 nyu 000 1 eng |
| 010 |
|
|
|a 95002291
|
| 020 |
|
|
|a 0440295424
|
| 020 |
|
|
|a 044022165x
|
| 020 |
|
|
|a 0385424736 :
|c $25.95
|
| 040 |
|
|
|a DLC
|c DLC
|d NIC
|d BD-DhAAL
|
| 050 |
0 |
0 |
|a ZPS3557.R5355
|b R35 1995
|
| 050 |
|
4 |
|a PS3557.R5355
|b P3 1995
|
| 082 |
0 |
0 |
|a 813/.54
|2 20
|
| 100 |
1 |
|
|a Grisham, John.
|9 12831
|
| 245 |
1 |
4 |
|a The rainmaker /
|c John Grisham.
|
| 250 |
|
|
|a 1st ed.
|
| 260 |
|
|
|a New York :
|b Doubleday,
|b Island Books,
|c c1995.
|
| 300 |
|
|
|a 598 p. ;
|c 18 cm.
|
| 650 |
|
7 |
|a Insurance companies.
|2 fast
|9 15977
|
| 650 |
|
7 |
|a Law students.
|2 fast
|9 15978
|
| 650 |
|
7 |
|a Leukemia
|x Patients.
|2 fast
|9 15979
|
| 650 |
|
7 |
|a Poor families.
|2 fast
|9 15980
|
| 651 |
|
7 |
|a Tennessee
|z Memphis.
|2 fast
|9 15981
|
| 655 |
|
7 |
|a Fiction.
|2 fast
|9 15982
|
| 942 |
|
|
|2 ddc
|c BK
|
| 999 |
|
|
|c 36033
|d 36033
|
| 952 |
|
|
|0 0
|1 0
|2 ddc
|4 0
|6 813_000000000000000__54_GRI
|7 0
|9 56615
|a SCL
|b SCL
|c GEN
|d 2015-11-04
|e Gift:
|l 3
|m 17
|o 813.54 GRI
|p 3020007784
|r 2018-08-01
|s 2018-05-17
|t 1
|w 2015-11-04
|y BK
|